समसामयिक बंगला श्रेष्ठ कहानियां / (Record no. 114701)

MARC details
000 -LEADER
fixed length control field 01299nam a22002777a 4500
003 - CONTROL NUMBER IDENTIFIER
control field dpl
005 - DATE AND TIME OF LATEST TRANSACTION
control field 20180702154747.0
008 - FIXED-LENGTH DATA ELEMENTS--GENERAL INFORMATION
fixed length control field 180702b xxu||||| |||| 00| 0 eng d
010 ## - LIBRARY OF CONGRESS CONTROL NUMBER
LC control number B-073223
020 ## - INTERNATIONAL STANDARD BOOK NUMBER
Terms of availability 200.00
International Standard Book Number 8188075175
035 ## - SYSTEM CONTROL NUMBER
System control number B-073223, B-073227
037 ## - SOURCE OF ACQUISITION
Source of stock number/acquisition Cen Lib/Ret
040 ## - CATALOGING SOURCE
Original cataloging agency DPL
Language of cataloging HN
Transcribing agency 0
082 ## - DEWEY DECIMAL CLASSIFICATION NUMBER
Classification number
Item number समसा
245 ## - TITLE STATEMENT
Title समसामयिक बंगला श्रेष्ठ कहानियां /
Statement of responsibility, etc संपादक महेन्द्रनाथ दुबे
246 ## - VARYING FORM OF TITLE
Title proper/short title Samsamayik banla sheshth kahaniyan /
Remainder of title sampadak Mahendranath Dube
260 ## - PUBLICATION, DISTRIBUTION, ETC. (IMPRINT)
Place of publication, distribution, etc गाज़ियाबाद
Name of publisher, distributor, etc के. एल. पचौरी प्रकाशन
Date of publication, distribution, etc 2002
270 ## - ADDRESS
Address 8/डी ब्लाक एक्सटेंशन इन्द्रपुरी, लोनी
City गाज़ियाबाद
Postal code 201102
300 ## - PHYSICAL DESCRIPTION
Extent 185पृ.
Dimensions 21सेमी(सजिल्द )
650 ## - SUBJECT ADDED ENTRY--TOPICAL TERM
Topical term or geographic name as entry element हिंदी साहित्य
General subdivision
Geographic subdivision
9 (RLIN) 57964
650 ## - SUBJECT ADDED ENTRY--TOPICAL TERM
Topical term or geographic name as entry element हिंदी साहित्य--कहानियां
9 (RLIN) 42761
650 ## - SUBJECT ADDED ENTRY--TOPICAL TERM
Topical term or geographic name as entry element Hindi literature
Form subdivision
9 (RLIN) 57965
650 ## - SUBJECT ADDED ENTRY--TOPICAL TERM
Topical term or geographic name as entry element Hindi literature--Stories
9 (RLIN) 57966
700 ## - ADDED ENTRY--PERSONAL NAME
Personal name दुबे, महेन्द्रनाथ
9 (RLIN) 45637
942 ## - ADDED ENTRY ELEMENTS (KOHA)
Source of classification or shelving scheme Dewey Decimal Classification
Koha item type Hindi Books
Classification part
Call number suffix समसा
Holdings
Withdrawn status Lost status Damaged status Not for loan Home library Current library Date acquired Source of acquisition Cost, normal purchase price Total Checkouts Full call number Barcode Date last seen Copy number Cost, replacement price Price effective from Koha item type Source of classification or shelving scheme Collection code
        Central Library Central Library 18/08/2015 Cen Lib/Ret 200.00   क समसा B-073223 18/08/2015 1 200.00 18/08/2015 Hindi Books    
        Shahdara Branch Shahdara Branch 02/07/2018 BPPD/PUB 200.00   क समसा B-073227 02/07/2018   200.00 02/07/2018 Hindi Books Dewey Decimal Classification Fiction

© Delhi Public Library
Hit Counter
free hit counter